000
00357nam a2200145Ia 4500
008
151213s9999 xx 000 0 und d
100
_a
A. L Phatak
245
_a
International Management
_c
A. L Phatak
260
_a
Ohio
_b
South Western
_c
1996
300
_a
2762 p.
650
_a
Management
650
_a
Management
700
_a
A. L Phatak
999
_c
1872
_d
1872